Manifiesto del comité de Unidad Nacional Sindical (CNUS) de Guatemala
Збережено в:
| Формат: | Текст |
|---|---|
| Предмети: | |
| Теги: |
Додати тег
Немає тегів, Будьте першим, хто поставить тег для цього запису!
|
MARC
| LEADER | 00000 a a2200000 04500 | ||
|---|---|---|---|
| 001 | 17952 | ||
| 003 | |||
| 040 | |||
| 245 | |a Manifiesto del comité de Unidad Nacional Sindical (CNUS) de Guatemala | ||
| 650 | |a REPRESION | ||
| 650 | |a TERRORISMO | ||
| 650 | |a ECONOMIA | ||
| 650 | |a GUATEMALA | ||
| 773 | |g volumen 4, número 29; páginas 339 | ||
| 999 | |c 22554 |d 22554 | ||
| 773 | 0 | |0 42391 |9 3834 |a Agencia Latinoamericana de Información, ALAI |d Quito, Ecuador: ALAI |o 04448 |t ALAI: |x 08275564 (Servicio mensual de información y documentación) | |
